00333nam a2200109Ia 45000010005000000080041000050200022000460820028000681000019000962450044001152600064001593985241024s9999 xx 000 0 und d a978-9945-462-75-3 aRD/923.97293/C697t/2014 aMiguel Collado 0aTributo a Hostos (Textos en su memoria) bPublicaciones de la Comisión de Efemérides Patrisc2014